Poistiť sa dá (takmer) všetko

Možnosti poistenia dopravcov. Poistenie zodpovednosti za škodu vzniknutú inému na veci alebo zásielke v dôsledku náhodnej udalosti pri nákladnej cestnej doprave. Zodpovednosť dopravcu v medzinárodnej preprave finančne obmedzená. Maximálny strop škody, za ktorú dopravca zodpovedá. Povinné zmluvné poi...

Descripción completa

Guardado en:
Detalles Bibliográficos
Autor principal: Oravec, Jozef
Formato: Capítulo de libro
Lenguaje:eslovaco
Materias:
Etiquetas: Agregar Etiqueta
Sin Etiquetas, Sea el primero en etiquetar este registro!

MARC

LEADER 00000naa a2200000 4500
001 0148625
005 20231011073229.9
041 0 |a slo 
044 |a CZ 
245 1 0 |a Poistiť sa dá (takmer) všetko  |c Jozef Oravec 
520 |a Možnosti poistenia dopravcov. Poistenie zodpovednosti za škodu vzniknutú inému na veci alebo zásielke v dôsledku náhodnej udalosti pri nákladnej cestnej doprave. Zodpovednosť dopravcu v medzinárodnej preprave finančne obmedzená. Maximálny strop škody, za ktorú dopravca zodpovedá. Povinné zmluvné poistenie nákladných vozidiel, havarijné poistenie a poistenie zodpovednosti za škodu medzinárodného a vnútroštátneho prepravcu. Korporátne poistenie nadnárodných logistických firiem. Poistenie budov a hnuteľného majetku. 
610 2 0 |a logistika 
610 2 0 |a preprava 
610 2 0 |a doprava cestná nákladná 
610 2 0 |a poistenie zodpovednosti za škody 
610 2 0 |a majetok 
610 2 0 |a tovar 
100 1 |a Oravec, Jozef